00430 2200169 4500001002100000005001500021035002000036245005900056100001500115250002000130300001600150260003900166082000800205084001400213020001800227600001500245INLIS00000000000046220220104092902 a0010-01220000031 aPembinaan Pramuka :bmemimpin engan hati /cP.C Kahono0 aP.C Kahono acetakan pertama avi, 122 hlm aJakarta :bPT. Puri Pustaka,c2020 a000 a000 P.C p a602-8712-70-5 4apendidikan